[Event "-chT Youth Countries 2019"]
[Site "Wuerzburg"]
[Date "2019.10.04"]
[Round "5.8"]
[White "Wiesner, Paula"]
[Black "Sereda, Yaroslava"]
[Result "1/2-1/2"]
[WhiteElo "1958"]
[BlackElo "1687"]
[Annotator "NA"]
[PlyCount "106"]
[EventDate "2019.10.02"]
[EventType "team-tourn"]
[EventRounds "7"]
[EventCountry "GER"]
[SourceTitle "playchess.com"]
[Source "ChessBase"]
[SourceQuality "1"]
[WhiteTeam "Berlin"]
[BlackTeam "Nordrhein-Westfalen"]
[TimeControl "40/5400+30:1800+30"]

1. d4 {[%emt 0:00:00]} Nf6 {[%emt 0:00:00]} 2. c4 {[%emt 0:00:00]} g6 {[%emt 0:00:00]} 3. Nc3 {[%emt 0:00:00]} d5 {[%emt 0:00:00]} 4. cxd5 {[%emt 0:00:08]} Nxd5 {[%emt 0:00:00]} 5. e4 {[%emt 0:00:09]} Nxc3 {[%emt 0:00:13]} 6. bxc3 {[%emt 0:00:04]} Bg7 {[%emt 0:00:12]} 7. Bc4 {[%emt 0:00:05]} c5 {[%emt 0:00:16]} 8. Ne2 {[%emt 0:00:12]} O-O {[%emt 0:00:26]} 9. O-O {[%emt 0:00:39]} Nc6 {[%emt 0:00:23]} 10. Be3 {[%emt 0:03:41]} Qc7 {[%emt 0:06:35]} 11. Qc2 {[%emt 0:10:39]} b6 {[%emt 0:16:17]} 12. dxc5 {[%emt 0:07:22]} Ne5 {[%emt 0:04:14]} 13. Bd5 {[%emt 0:01:36]} Rb8 {[%emt 0:01:10]} 14. cxb6 {[%emt 0:01:09]} axb6 {[%emt 0:00:31]} 15. Rfd1 {[%emt 0:06:42]} e6 {[%emt 0:03:00]} 16. Bb3 {[%emt 0:00:31]} Ba6 {[%emt 0:06:17]} 17. Bd4 {[%emt 0:07:06]} Ng4 {[%emt 0:13:38]} 18. f4 {[%emt 0:06:08]} Bxd4+ {[%emt 0:04:00]} 19. Rxd4 {[%emt 0:01:58]} Bxe2 {[%emt 0:08:02]} 20. Qxe2 {[%emt 0:00:08]} Qxf4 {[%emt 0:08:00]} 21. g3 {[%emt 0:01:25]} Qg5 {[%emt 0:01:55]} 22. Qd2 {[%emt 0:04:33]} Qxd2 {[%emt 0:03:57]} 23. Rxd2 {[%emt 0:00:05]} Ne5 {[%emt 0:00:52]} 24. Rd6 {[%emt 0:01:27]} Rfc8 {[%emt 0:01:01]} 25. Rc1 {[%emt 0:02:17]} b5 {[%emt 0:02:36]} 26. a4 {[%emt 0:02:49]} bxa4 {[%emt 0:00:57]} 27. Bxa4 {[%emt 0:00:09]} Rc5 {[%emt 0:00:41]} 28. Ra6 {[%emt 0:04:59]} Rbc8 {[%emt 0:04:04]} 29. Kg2 {[%emt 0:02:10]} Rxc3 {[%emt 0:01:31]} 30. Rxc3 {[%emt 0:00:05]} Rxc3 {[%emt 0:00:12]} 31. Ra5 {[%emt 0:00:23]} Ra3 {[%emt 0:06:11]} 32. Rxe5 {[%emt 0:00:59]} Rxa4 {[%emt 0:00:06]} 33. Kf3 {[%emt 0:01:37]} Kg7 {[%emt 0:02:40]} 34. Kf4 {[%emt 0:02:30]} Kf6 {[%emt 0:01:58]} 35. Rb5 {[%emt 0:00:30]} h6 {[%emt 0:01:39]} 36. h4 {[%emt 0:03:17]} g5+ {[%emt 0:02:18]} 37. hxg5+ {[%emt 0:00:10]} hxg5+ {[%emt 0:00:12]} 38. Kf3 {[%emt 0:01:07]} Kg6 {[%emt 0:01:09]} 39. Rb6 {[%emt 0:03:58]} Kh5 {[%emt 0:01:07]} 40. Rb7 {[%emt 0:02:18]} Ra3+ {[%emt 0:00:34]} 41. Kf2 {[%emt 0:31:51]} f5 {[%emt 0:10:35]} 42. exf5 {[%emt 0:00:00]} exf5 {[%emt 0:00:37]} 43. Rb4 {[%emt 0:00:00]} Rc3 {[%emt 0:09:17]} 44. Ra4 {[%emt 0:00:00]} g4 {[%emt 0:05:26]} 45. Ra6 {[%emt 0:00:00]} Rf3+ {[%emt 0:02:05]} 46. Kg2 {[%emt 0:00:00]} Kg5 {[%emt 0:00:43]} 47. Rb6 {[%emt 0:00:00]} Rc3 {[%emt 0:00:27]} 48. Kf2 {[%emt 0:00:00]} Rc2+ {[%emt 0:00:49]} 49. Kf1 {[%emt 0:00:00]} Rc5 {[%emt 0:00:51]} 50. Kf2 {[%emt 0:00:00]} Rc8 {[%emt 0:00:59]} 51. Re6 {[%emt 0:00:00]} Rf8 {[%emt 0:01:22]} 52. Ke3 {[%emt 0:00:00]} Rf6 {[%emt 0:01:15]} 53. Re8 {[%emt 0:00:00]} Rd6 {[%emt 0:00:27] normal} 1/2-1/2

[Event "-chT Youth Countries 2019"]
[Site "Wuerzburg"]
[Date "2019.10.04"]
[Round "5.8"]
[White "Roncea, Andrea-Alexandra"]
[Black "Reich, Elisabeth"]
[Result "1-0"]
[WhiteElo "1590"]
[BlackElo "1199"]
[Annotator "NA"]
[PlyCount "135"]
[EventDate "2019.10.02"]
[EventType "team-tourn"]
[EventRounds "7"]
[EventCountry "GER"]
[SourceTitle "playchess.com"]
[Source "ChessBase"]
[SourceQuality "1"]
[WhiteTeam "Niedersachsen"]
[BlackTeam "Bayern 2"]
[TimeControl "40/5400+30:1800+30"]

1. e4 {[%emt 0:00:00]} c5 {[%emt 0:00:00]} 2. Nf3 {[%emt 0:00:00]} d6 {[%emt 0:00:00]} 3. Bb5+ {[%emt 0:00:08]} Bd7 {[%emt 0:00:00]} 4. Bxd7+ {[%emt 0:00:17]} Nxd7 {[%emt 0:00:09]} 5. O-O {[%emt 0:00:12]} Ngf6 {[%emt 0:00:22]} 6. Re1 {[%emt 0:00:15]} g6 {[%emt 0:00:20]} 7. c3 {[%emt 0:00:33]} Bg7 {[%emt 0:00:47]} 8. d4 {[%emt 0:00:46]} cxd4 {[%emt 0:00:46]} 9. cxd4 {[%emt 0:00:24]} O-O {[%emt 0:00:48]} 10. Nc3 {[%emt 0:03:34]} Rc8 {[%emt 0:00:58]} 11. Bf4 {[%emt 0:06:24]} a6 {[%emt 0:03:19]} 12. Qd2 {[%emt 0:03:34]} Nb6 {[%emt 0:03:25]} 13. b3 {[%emt 0:04:52]} Qc7 {[%emt 0:01:51]} 14. Rac1 {[%emt 0:01:26]} Qd7 {[%emt 0:01:05]} 15. Bh6 Rfe8 {[%emt 0:01:38]} 16. Bxg7 {[%emt 0:08:04]} Kxg7 {[%emt 0:00:19]} 17. Qf4 {[%emt 0:02:01]} Qg4 {[%emt 0:02:39]} 18. Qd2 {[%emt 0:05:08]} e5 {[%emt 0:02:23]} 19. h3 {[%emt 0:04:24]} Qd7 {[%emt 0:02:26]} 20. d5 {[%emt 0:03:23]} Rc7 {[%emt 0:00:58]} 21. Rc2 {[%emt 0:01:15]} Rec8 {[%emt 0:00:36]} 22. Rec1 {[%emt 0:00:17]} h6 {[%emt 0:00:34]} 23. Qe3 {[%emt 0:01:03]} Na8 {[%emt 0:00:54]} 24. Qd3 {[%emt 0:08:42]} Nb6 {[%emt 0:00:49]} 25. Kf1 {[%emt 0:02:44]} Nh5 {[%emt 0:02:02]} 26. Ne2 {[%emt 0:01:47]} Rxc2 {[%emt 0:00:26]} 27. Rxc2 {[%emt 0:00:18]} Rxc2 {[%emt 0:00:18]} 28. Qxc2 {[%emt 0:00:23]} Qc8 {[%emt 0:00:19]} 29. Qxc8 {[%emt 0:04:44]} Nxc8 {[%emt 0:00:18]} 30. Ke1 {[%emt 0:00:46]} Nf4 {[%emt 0:00:13]} 31. Nxf4 {[%emt 0:00:24]} exf4 {[%emt 0:00:13]} 32. Kd2 {[%emt 0:00:20]} f5 {[%emt 0:00:23]} 33. exf5 {[%emt 0:01:29]} gxf5 {[%emt 0:00:06]} 34. Kd3 {[%emt 0:00:36]} Ne7 {[%emt 0:00:18]} 35. Kd4 {[%emt 0:00:28]} b5 {[%emt 0:00:05]} 36. Ne1 {[%emt 0:00:56]} Kf8 {[%emt 0:00:12]} 37. Nd3 {[%emt 0:00:42]} Ng6 {[%emt 0:00:09]} 38. Nb4 {[%emt 0:01:36]} a5 {[%emt 0:00:25]} 39. Nc6 {[%emt 0:00:25]} a4 {[%emt 0:00:12]} 40. b4 {[%emt 0:00:50]} Nh4 {[%emt 0:00:21]} 41. g3 {[%emt 0:31:48]} fxg3 {[%emt 0:30:17]} 42. fxg3 {[%emt 0:00:34]} Nf3+ {[%emt 0:00:52]} 43. Ke3 {[%emt 0:01:53]} Ng5 {[%emt 0:01:16]} 44. Nd4 {[%emt 0:05:06]} Nxh3 {[%emt 0:00:25]} 45. Nxf5 {[%emt 0:00:32]} Ng5 {[%emt 0:00:50]} 46. Nxd6 {[%emt 0:01:10]} Nf7 {[%emt 0:00:11]} 47. Nxf7 {[%emt 0:01:09]} Kxf7 {[%emt 0:00:07]} 48. Ke4 {[%emt 0:00:12]} Ke7 {[%emt 0:00:49]} 49. Ke5 {[%emt 0:00:03]} Kd7 {[%emt 0:00:12]} 50. d6 {[%emt 0:00:06]} Kd8 {[%emt 0:00:49]} 51. Ke6 {[%emt 0:00:20]} Ke8 {[%emt 0:00:23]} 52. d7+ {[%emt 0:00:32]} Kd8 {[%emt 0:00:07]} 53. Kd6 {[%emt 0:00:28]} h5 {[%emt 0:00:50]} 54. Kc6 {[%emt 0:00:06]} a3 {[%emt 0:00:22]} 55. Kxb5 {[%emt 0:00:20]} Kxd7 {[%emt 0:00:08]} 56. Ka4 {[%emt 0:00:23]} Ke6 {[%emt 0:01:06]} 57. b5 {[%emt 0:00:34]} Kd7 {[%emt 0:00:25]} 58. Kxa3 {[%emt 0:00:19]} Kc7 59. Kb4 Kb6 {[%emt 0:01:02]} 60. a4 {[%emt 0:00:35]} Ka7 {[%emt 0:00:28]} 61. Kc5 {[%emt 0:00:50]} Kb7 {[%emt 0:00:21]} 62. a5 {[%emt 0:00:11]} Kc7 {[%emt 0:00:09]} 63. a6 {[%emt 0:00:20]} Kb8 {[%emt 0:00:07]} 64. b6 {[%emt 0:00:17]} Ka8 {[%emt 0:00:09]} 65. Kc6 {[%emt 0:00:14]} Kb8 {[%emt 0:00:35]} 66. b7 {[%emt 0:00:32]} h4 {[%emt 0:00:24]} 67. Kb6 {[%emt 0:00:13]} hxg3 {[%emt 0:00:14]} 68. a7# {[%emt 0:00:07] normal} 1-0

[Event "-chT Youth Countries 2019"]
[Site "Wuerzburg"]
[Date "2019.10.04"]
[Round "5.8"]
[White "Visvikis, Kassandra"]
[Black "von Beckh, Frieda"]
[Result "1-0"]
[WhiteElo "1531"]
[BlackElo "1541"]
[Annotator "NA"]
[PlyCount "85"]
[EventDate "2019.10.02"]
[EventType "team-tourn"]
[EventRounds "7"]
[EventCountry "GER"]
[SourceTitle "playchess.com"]
[Source "ChessBase"]
[SourceQuality "1"]
[WhiteTeam "Baden 1"]
[BlackTeam "Hessen"]
[TimeControl "40/5400+30:1800+30"]

1. e4 {[%emt 0:00:00]} c5 {[%emt 0:00:00]} 2. Nf3 {[%emt 0:00:00]} Nc6 {[%emt 0:00:00]} 3. d4 {[%emt 0:00:00]} cxd4 {[%emt 0:00:02]} 4. Nxd4 {[%emt 0:00:00]} g6 {[%emt 0:00:10]} 5. Nc3 {[%emt 0:00:00]} Bg7 {[%emt 0:00:05]} 6. Be3 {[%emt 0:00:00]} Nf6 {[%emt 0:00:08]} 7. Bc4 {[%emt 0:00:23]} O-O {[%emt 0:00:08]} 8. Bb3 {[%emt 0:00:13]} d6 {[%emt 0:00:37]} 9. f3 {[%emt 0:00:14]} Bd7 {[%emt 0:00:29]} 10. Qd2 {[%emt 0:01:06]} Qc7 {[%emt 0:00:58]} 11. g4 {[%emt 0:02:22]} a6 {[%emt 0:03:18]} 12. h4 {[%emt 0:00:16]} Rad8 {[%emt 0:01:16]} 13. h5 {[%emt 0:01:33]} Kh8 {[%emt 0:00:50]} 14. hxg6 {[%emt 0:01:04]} fxg6 {[%emt 0:00:18]} 15. Qh2 {[%emt 0:00:50]} Bc8 {[%emt 0:04:08]} 16. Nd5 {[%emt 0:00:12]} Qa5+ {[%emt 0:01:12]} 17. Bd2 {[%emt 0:02:34]} Nxd4 {[%emt 0:01:05]} 18. Qh3 {[%emt 0:00:31]} Qc5 {[%emt 0:02:56]} 19. Nxf6 {[%emt 0:00:41]} Nxf3+ {[%emt 0:01:41]} 20. Kd1 {[%emt 0:00:26]} h5 {[%emt 0:02:07]} 21. Nxh5 {[%emt 0:01:45]} Ng1 {[%emt 0:02:08]} 22. Qg2 {[%emt 0:02:52]} Bxg4+ {[%emt 0:02:21]} 23. Kc1 {[%emt 0:00:52]} Bxh5 {[%emt 0:02:06]} 24. Rxg1 {[%emt 0:00:59]} Qe5 {[%emt 0:02:07]} 25. c3 {[%emt 0:01:04]} e6 {[%emt 0:02:32]} 26. Qh1 {[%emt 0:05:17]} Kg8 {[%emt 0:02:37]} 27. Bd1 {[%emt 0:03:39]} Rf2 {[%emt 0:08:25]} 28. Bxh5 {[%emt 0:09:38]} Qxh5 {[%emt 0:01:46]} 29. Qxh5 {[%emt 0:00:29]} gxh5 {[%emt 0:00:16]} 30. Kc2 {[%emt 0:01:45]} Kf7 {[%emt 0:01:03]} 31. Kd3 {[%emt 0:00:49]} Rh8 {[%emt 0:02:12]} 32. Be3 {[%emt 0:00:58]} Rxb2 {[%emt 0:01:08]} 33. Raf1+ {[%emt 0:00:25]} Kg8 {[%emt 0:00:44]} 34. Rf6 {[%emt 0:02:18]} Rxa2 {[%emt 0:04:20]} 35. Bh6 {[%emt 0:00:38]} Rh7 {[%emt 0:01:45]} 36. Rfg6 {[%emt 0:00:10]} Rf2 {[%emt 0:02:28]} 37. Bxg7 {[%emt 0:00:28]} Kf7 {[%emt 0:00:44]} 38. Bd4 {[%emt 0:02:10]} Rb2 {[%emt 0:01:55]} 39. Rf6+ {[%emt 0:00:38]} Ke7 {[%emt 0:01:41]} 40. Rgg6 {[%emt 0:00:27]} e5 {[%emt 0:02:16]} 41. Re6+ {[%emt 0:30:55]} Kf7 {[%emt 0:31:10]} 42. Be3 {[%emt 0:00:32]} h4 {[%emt 0:02:27]} 43. Bh6 {[%emt 0:00:24] normal} 1-0

[Event "-chT Youth Countries 2019"]
[Site "Wuerzburg"]
[Date "2019.10.04"]
[Round "5.8"]
[White "Haubold, Christian Lucas"]
[Black "Braeutigam, Katerina"]
[Result "1-0"]
[WhiteElo "1430"]
[BlackElo "1630"]
[Annotator "NA"]
[PlyCount "113"]
[EventDate "2019.10.02"]
[EventType "team-tourn"]
[EventRounds "7"]
[EventCountry "GER"]
[SourceTitle "playchess.com"]
[Source "ChessBase"]
[SourceQuality "1"]
[WhiteTeam "Sachsen-Anhalt"]
[BlackTeam "Schleswig-Holstein"]
[TimeControl "40/5400+30:1800+30"]

1. e4 {[%emt 0:00:00]} c6 {[%emt 0:00:00]} 2. c4 {[%emt 0:00:00]} d5 {[%emt 0:00:00]} 3. cxd5 {[%emt 0:00:00]} cxd5 {[%emt 0:00:09]} 4. exd5 {[%emt 0:00:00]} Nf6 {[%emt 0:00:54]} 5. Qa4+ {[%emt 0:00:45]} Nbd7 {[%emt 0:02:25]} 6. Nc3 {[%emt 0:00:31]} g6 {[%emt 0:01:39]} 7. Bc4 {[%emt 0:00:31]} Bg7 {[%emt 0:01:03]} 8. d3 {[%emt 0:00:17]} O-O {[%emt 0:00:40]} 9. Nf3 {[%emt 0:01:24]} a6 {[%emt 0:00:23]} 10. Qa3 {[%emt 0:00:28]} Rb8 {[%emt 0:01:29]} 11. Bf4 {[%emt 0:02:32]} Ra8 {[%emt 0:00:36]} 12. O-O {[%emt 0:00:47]} Nb6 {[%emt 0:01:04]} 13. d6 {[%emt 0:02:49]} e6 {[%emt 0:01:45]} 14. Rad1 {[%emt 0:06:23]} Nh5 {[%emt 0:06:51]} 15. Bg5 {[%emt 0:04:28]} Qd7 {[%emt 0:04:44]} 16. Be7 {[%emt 0:01:31]} Re8 {[%emt 0:00:22]} 17. Rfe1 {[%emt 0:01:34]} Rb8 {[%emt 0:08:00]} 18. Qb3 {[%emt 0:09:06]} Bf6 {[%emt 0:02:06]} 19. Qxb6 {[%emt 0:02:17]} Bxe7 {[%emt 0:01:17]} 20. dxe7 {[%emt 0:00:28]} Qxe7 {[%emt 0:01:35]} 21. Nd5 {[%emt 0:01:56]} Qf8 {[%emt 0:04:24]} 22. Nc7 {[%emt 0:03:19]} Rd8 {[%emt 0:01:23]} 23. Nxa6 {[%emt 0:00:56]} Ra8 {[%emt 0:06:01]} 24. Nc5 {[%emt 0:06:02]} Rd6 {[%emt 0:01:24]} 25. Qb4 {[%emt 0:00:29]} Rc6 {[%emt 0:01:05]} 26. d4 {[%emt 0:01:17]} b6 {[%emt 0:11:48]} 27. Qb5 {[%emt 0:00:35]} Qe8 {[%emt 0:02:11]} 28. Ne5 {[%emt 0:00:23]} bxc5 {[%emt 0:02:26]} 29. Qxc6 {[%emt 0:00:14]} Qxc6 {[%emt 0:01:28]} 30. Nxc6 {[%emt 0:00:08]} Bb7 {[%emt 0:00:09]} 31. d5 {[%emt 0:00:52]} Nf4 {[%emt 0:05:17]} 32. a3 {[%emt 0:03:00]} Kf8 {[%emt 0:01:19]} 33. g3 {[%emt 0:01:58]} Nxd5 {[%emt 0:00:56]} 34. Bxd5 {[%emt 0:00:11]} exd5 {[%emt 0:00:21]} 35. Ne5 {[%emt 0:00:29]} c4 {[%emt 0:02:13]} 36. Nd7+ {[%emt 0:01:15]} Kg7 {[%emt 0:00:36]} 37. Re7 {[%emt 0:01:52]} Bc6 {[%emt 0:05:40]} 38. Ne5 {[%emt 0:00:31]} Be8 {[%emt 0:00:26]} 39. f4 {[%emt 0:02:04]} Kf6 {[%emt 0:02:35]} 40. Rb7 {[%emt 0:01:26]} Ra5 {[%emt 0:01:43]} 41. Ng4+ {[%emt 0:30:48]} Kg7 {[%emt 0:31:23]} 42. Rb6 {[%emt 0:01:23]} Ba4 {[%emt 0:02:14]} 43. Rd2 {[%emt 0:00:31]} Bd7 {[%emt 0:00:52]} 44. Ne3 {[%emt 0:00:35]} Be6 {[%emt 0:01:14]} 45. Nd1 {[%emt 0:02:33]} Kf6 {[%emt 0:00:56]} 46. Nc3 {[%emt 0:00:13]} Kf5 {[%emt 0:01:58]} 47. Rb5 {[%emt 0:00:21]} Ra7 {[%emt 0:03:01]} 48. Nxd5 {[%emt 0:00:33]} Ke4 {[%emt 0:01:12]} 49. Nc3+ {[%emt 0:01:24]} Ke3 {[%emt 0:01:33]} 50. Rd1 {[%emt 0:00:55]} Bh3 {[%emt 0:00:57]} 51. Re5+ {[%emt 0:00:14]} Kf3 {[%emt 0:00:43]} 52. Rd2 {[%emt 0:00:11]} f6 {[%emt 0:01:14]} 53. Rf2+ {[%emt 0:02:05]} Kg4 {[%emt 0:01:56]} 54. Rd5 {[%emt 0:01:19]} Re7 {[%emt 0:01:39]} 55. Re2 {[%emt 0:00:37]} Rc7 {[%emt 0:00:59]} 56. Nd1 {[%emt 0:00:35]} Kf3 {[%emt 0:02:39]} 57. Re3+ {[%emt 0:00:08] normal} 1-0

[Event "-chT Youth Countries 2019"]
[Site "Wuerzburg"]
[Date "2019.10.04"]
[Round "5.8"]
[White "Ulrich, Helena Irene"]
[Black "Richter, Johanna"]
[Result "1-0"]
[WhiteElo "1355"]
[BlackElo "942"]
[Annotator "NA"]
[PlyCount "93"]
[EventDate "2019.10.02"]
[EventType "team-tourn"]
[EventRounds "7"]
[EventCountry "GER"]
[SourceTitle "playchess.com"]
[Source "ChessBase"]
[SourceQuality "1"]
[WhiteTeam "Thüringen"]
[BlackTeam "Rheinland-Pfalz"]
[TimeControl "40/5400+30:1800+30"]

1. e4 d6 {[%emt 0:00:00]} 2. d4 {[%emt 0:00:11]} Nf6 {[%emt 0:00:21]} 3. Nc3 {[%emt 0:01:25]} g6 {[%emt 0:00:44]} 4. Bd3 {[%emt 0:01:19]} Bg7 {[%emt 0:00:14]} 5. Nge2 {[%emt 0:01:30]} O-O {[%emt 0:00:24]} 6. O-O {[%emt 0:00:56]} Bg4 {[%emt 0:01:25]} 7. f3 {[%emt 0:00:52]} Bc8 {[%emt 0:02:07]} 8. Be3 {[%emt 0:02:18]} Nbd7 {[%emt 0:01:04]} 9. Qd2 {[%emt 0:02:33]} e5 {[%emt 0:02:12]} 10. Bc4 {[%emt 0:03:48]} b6 {[%emt 0:04:17]} 11. Nd5 {[%emt 0:02:35]} Bb7 {[%emt 0:03:30]} 12. Nec3 {[%emt 0:01:39]} c6 {[%emt 0:04:33]} 13. Nxf6+ {[%emt 0:01:12]} Nxf6 {[%emt 0:01:32]} 14. Rad1 {[%emt 0:03:30]} Re8 {[%emt 0:04:26]} 15. Bg5 {[%emt 0:02:39]} Rc8 {[%emt 0:06:33]} 16. dxe5 {[%emt 0:06:38]} dxe5 {[%emt 0:01:12]} 17. Bxf6 {[%emt 0:01:02]} Bxf6 {[%emt 0:00:46]} 18. Qd7 {[%emt 0:00:29]} Qe7 {[%emt 0:05:31]} 19. Rd6 {[%emt 0:03:37]} Bg7 {[%emt 0:02:03]} 20. Rfd1 {[%emt 0:01:25]} Rc7 {[%emt 0:02:24]} 21. Qxe7 {[%emt 0:00:16]} Rcxe7 {[%emt 0:00:49]} 22. Rd7 {[%emt 0:01:37]} b5 {[%emt 0:01:42]} 23. Bb3 {[%emt 0:01:04]} a6 {[%emt 0:01:40]} 24. a4 {[%emt 0:01:34]} Bh6 {[%emt 0:03:22]} 25. R1d6 {[%emt 0:03:23]} Be3+ {[%emt 0:01:38]} 26. Kf1 {[%emt 0:00:59]} Bd4 {[%emt 0:02:30]} 27. axb5 {[%emt 0:01:09]} axb5 {[%emt 0:00:55]} 28. Rd8 {[%emt 0:01:28]} b4 {[%emt 0:02:07]} 29. Rxe8+ {[%emt 0:00:14]} Rxe8 {[%emt 0:00:54]} 30. Na4 {[%emt 0:02:06]} Ba6+ {[%emt 0:00:44]} 31. Ke1 {[%emt 0:00:39]} Bb5 {[%emt 0:02:53]} 32. Rf6 {[%emt 0:01:31]} Rf8 {[%emt 0:01:09]} 33. Rd6 {[%emt 0:03:07]} Rc8 {[%emt 0:01:10]} 34. Kd2 {[%emt 0:00:28]} Bxa4 {[%emt 0:01:04]} 35. Bxa4 {[%emt 0:00:05]} Bxb2 {[%emt 0:00:24]} 36. Bxc6 {[%emt 0:00:39]} Bc3+ {[%emt 0:00:27]} 37. Ke2 {[%emt 0:01:15]} Rb8 {[%emt 0:04:55]} 38. Bd5 {[%emt 0:00:32]} Rc8 {[%emt 0:01:40]} 39. Kf2 {[%emt 0:01:25]} Bd4+ {[%emt 0:00:19]} 40. Kg3 {[%emt 0:01:24]} Rxc2 {[%emt 0:00:20]} 41. Rd7 {[%emt 0:30:34]} Bf2+ {[%emt 0:31:17]} 42. Kg4 {[%emt 0:01:41]} h5+ {[%emt 0:00:32]} 43. Kg5 {[%emt 0:01:26]} Be3+ {[%emt 0:00:30]} 44. Kf6 {[%emt 0:01:55]} Rxg2 {[%emt 0:01:57]} 45. Bxf7+ {[%emt 0:00:37]} Kh7 {[%emt 0:02:47]} 46. Bxg6+ {[%emt 0:00:16]} Kg8 {[%emt 0:00:51]} 47. Rd8# {[%emt 0:00:30] normal} 1-0

[Event "-chT Youth Countries 2019"]
[Site "Wuerzburg"]
[Date "2019.10.04"]
[Round "5.8"]
[White "Sens, Gerda"]
[Black "Haug, Mara"]
[Result "1-0"]
[WhiteElo "1291"]
[BlackElo "1508"]
[Annotator "NA"]
[PlyCount "115"]
[EventDate "2019.10.02"]
[EventType "team-tourn"]
[EventRounds "7"]
[EventCountry "GER"]
[SourceTitle "playchess.com"]
[Source "ChessBase"]
[SourceQuality "1"]
[WhiteTeam "Mecklenburg-Vorpommern"]
[BlackTeam "Baden 2"]
[TimeControl "40/5400+30:1800+30"]

1. e4 {[%emt 0:00:00]} e5 {[%emt 0:00:00]} 2. Nf3 {[%emt 0:00:00]} Nc6 {[%emt 0:00:00]} 3. Bc4 {[%emt 0:00:02]} Bc5 {[%emt 0:00:00]} 4. c3 {[%emt 0:00:19]} Nf6 {[%emt 0:00:00]} 5. d3 {[%emt 0:00:35]} h6 {[%emt 0:00:56]} 6. O-O {[%emt 0:01:06]} d6 {[%emt 0:03:11]} 7. Bb3 {[%emt 0:00:57]} Bg4 {[%emt 0:02:48]} 8. h3 {[%emt 0:02:03]} Bh5 {[%emt 0:01:58]} 9. Nbd2 {[%emt 0:01:56]} Qd7 {[%emt 0:02:42]} 10. Re1 {[%emt 0:01:44]} O-O-O {[%emt 0:08:09]} 11. Nf1 {[%emt 0:04:33]} g5 {[%emt 0:04:27]} 12. Ng3 {[%emt 0:04:02]} g4 {[%emt 0:02:16]} 13. Nxh5 {[%emt 0:02:26]} Nxh5 {[%emt 0:01:02]} 14. hxg4 {[%emt 0:00:57]} Qxg4 {[%emt 0:02:30]} 15. Nh2 {[%emt 0:02:01]} Qg6 {[%emt 0:06:19]} 16. Qg4+ {[%emt 0:01:53]} Qxg4 {[%emt 0:00:32]} 17. Nxg4 {[%emt 0:00:27]} Rh7 {[%emt 0:05:51]} 18. Be3 {[%emt 0:06:29]} Rg8 {[%emt 0:03:31]} 19. Bxf7 {[%emt 0:11:04]} Rxg4 {[%emt 0:07:04]} 20. Be6+ {[%emt 0:00:44]} Kb8 {[%emt 0:00:53]} 21. Bxg4 {[%emt 0:00:22]} Nf6 {[%emt 0:08:08]} 22. Bf5 {[%emt 0:05:15]} Rh8 {[%emt 0:00:26]} 23. b4 {[%emt 0:02:17]} Bxe3 {[%emt 0:01:26]} 24. Rxe3 {[%emt 0:00:38]} d5 {[%emt 0:03:13]} 25. Rf3 {[%emt 0:05:43]} a6 {[%emt 0:08:17]} 26. Be6 {[%emt 0:03:22]} Nh5 {[%emt 0:04:32]} 27. Bxd5 {[%emt 0:04:24]} Ne7 {[%emt 0:01:01]} 28. a4 {[%emt 0:06:00]} Nf4 {[%emt 0:01:18]} 29. Ra3 {[%emt 0:03:03]} Nexd5 {[%emt 0:02:42]} 30. exd5 {[%emt 0:00:24]} Rg8 {[%emt 0:00:40]} 31. g3 {[%emt 0:04:25]} Nxd5 {[%emt 0:00:39]} 32. Rf5 {[%emt 0:02:35]} Nf4 {[%emt 0:03:14]} 33. Rxe5 {[%emt 0:05:57]} Nxd3 {[%emt 0:01:05]} 34. Rh5 {[%emt 0:01:54]} Rg6 {[%emt 0:00:49]} 35. b5 {[%emt 0:03:46]} a5 {[%emt 0:01:14]} 36. Kf1 {[%emt 0:02:12]} Rf6 {[%emt 0:01:08]} 37. Ra2 {[%emt 0:02:35]} b6 {[%emt 0:00:53]} 38. Rd2 {[%emt 0:01:49]} Nc5 {[%emt 0:01:01]} 39. Rd8+ {[%emt 0:00:51]} Kb7 40. Rh4 {[%emt 0:01:07]} Re6 {[%emt 0:03:38]} 41. Rh8 {[%emt 0:31:34]} Ne4 {[%emt 0:34:21]} 42. R8xh6 {[%emt 0:01:14]} Rxh6 {[%emt 0:01:08]} 43. Rxh6 {[%emt 0:00:28]} Nxc3 {[%emt 0:00:11]} 44. g4 {[%emt 0:00:20]} Nxa4 {[%emt 0:02:31]} 45. g5 {[%emt 0:00:13]} Nc5 {[%emt 0:00:17]} 46. Rh4 {[%emt 0:00:58]} a4 {[%emt 0:01:00]} 47. Rc4 {[%emt 0:01:29]} a3 {[%emt 0:01:02]} 48. Rc1 {[%emt 0:00:25]} Ne6 {[%emt 0:02:08]} 49. g6 {[%emt 0:00:37]} Kc8 {[%emt 0:00:00]} 50. Ra1 {[%emt 0:00:00]} Kd7 {[%emt 0:00:00]} 51. Rxa3 {[%emt 0:00:00]} Ke7 {[%emt 0:00:00]} 52. Re3 {[%emt 0:00:00]} Kf6 {[%emt 0:00:00]} 53. Rg3 {[%emt 0:00:00]} Kg7 {[%emt 0:00:00]} 54. Re3 {[%emt 0:00:00]} Kf6 {[%emt 0:00:00]} 55. f4 {[%emt 0:00:00]} Ng7 {[%emt 0:00:00]} 56. Rc3 {[%emt 0:00:00]} Ne6 {[%emt 0:00:00]} 57. Rc6 {[%emt 0:00:00]} Ke7 {[%emt 0:00:00]} 58. g7 {[%emt 0:00:00] normal} 1-0